Costa Rica, paisajes volcánicos= volcanic landscapes (Registro nro. 2322)
[ vista simple ]
| 000 -Cabecera | |
|---|---|
| Campo de control de longitud fija | 00706aam a2200277 4500 |
| 005 - Fecha y hora de la última transacción | |
| Campo de control | 20240503172243.0 |
| 008 - Elementos de longitud fija--Información general | |
| Campo de control de longitud fija | 150526b2009 xxu||||| |||| 00| 0 spa d |
| 020 ## - International Standard Book Number | |
| Número Internacional Estándar del Libro (ISBN) | 9789968502085 |
| 041 ## - Idioma | |
| Código de idioma | Español |
| 041 ## - Idioma | |
| Código de idioma | Inglés |
| 082 ## - Clasificación Decimal Dewey | |
| Número de clasificación | 551.21 B499c |
| 100 ## - Entrada principal--Autor personal | |
| Nombre personal | Bergoeing, Jean Pierre |
| 245 ## - Título propiamente dicho | |
| Título | Costa Rica, paisajes volcánicos= volcanic landscapes |
| 260 ## - Pie de imprenta | |
| Lugar de publicación, distribución, etc. | Costa Rica |
| 260 ## - Pie de imprenta | |
| Nombre del editor, distribuidor, etc. | Jadine |
| 260 ## - Pie de imprenta | |
| Fecha de publicación, distribución, etc. | 2009 |
| 300 ## - Descripción física | |
| Extensión | 76 páginas |
| 505 ## - Nota de contenido | |
| Nota de contenido | Contiene fotografías |
| 650 ## - Materia general | |
| Temática (materia general) | COSTA RICA |
| 650 ## - Materia general | |
| Temática (materia general) | VOLCANES |
| 650 ## - Materia general | |
| Temática (materia general) | GEOMORFOLOGÍA |
| 650 ## - Materia general | |
| Temática (materia general) | CORDILLERA VOLCÁNICA CENTRAL |
| 650 ## - Materia general | |
| Temática (materia general) | CORDILLERA VOLCÁNICA DE GUANACASTE |
| 942 ## - Punto de acceso adicional KOHA | |
| Tipo de ítem KOHA | Libro |
| Fuente del sistema de clasificación o colocación | Dewey Decimal Classification |
| Signatura completa | Código de barras | Programa Académico | Tipo de ítem |
|---|---|---|---|
| 551.21 B499c | 14765 | Turismo | Libro |
| 551.21 B499c | 15232 | Turismo | Libro |